Quizzes
Events
Quiz Creation
Community
Videos
Private Events
Remove Ads
Sign In
Join for FREE
Feedback
Dark Mode
Quiz Categories
Sports
Geography
Music
Movies
Television
Just For Fun
Miscellaneous
History
Literature
Language
Science
Gaming
Entertainment
Religion
Holiday
For Kids
Quiz Lab
Recent
Popular Today
Quiz Kudos Today
Editor Picks
Curator Picks
Quizzes by...
Day
Popularity
Type
Ratings
Length
Year
Community
Subscriptions
Recent Discussions
Orange Saloon
Badges
Playlists
Quests
Create
Leaderboards
Showdown
Live 5
Trivia Bingo
Activity
Puzzle Library
Sporcle Events
Private Events
Virtual Trivia
Globe League
Become a Host
Pub Owners
SporcleCon
Opinionation
Our Games
Videos
Blog
Mobile Apps
Partnerships
Remove Ads and Go Orange
Feedback
Sports
Athletes
MLB
NBA
NHL
NFL
Soccer
Sports Teams
WWE
NCAA
Football
Premier League
Basketball
Baseball
Hockey
Golf
Tennis
Cricket
Rugby
Auto Racing
Olympics
World Cup
Sports
Athletes
MLB
NBA
NHL
NFL
Soccer
Sports Teams
WWE
NCAA
Football
Premier League
Basketball
Baseball
Hockey
Golf
Tennis
Cricket
Rugby
Auto Racing
Olympics
World Cup
Random Quiz
Search Sporcle
×
Quiz Lab
Quiz Lab
Sports
Heavyweight
Type in answers that appear in a list
Type in answers that appear in a list
Classic
Best Score? Go Orange.
NWA Missouri Heavyweight Champion Stats
Can you name the NWA Missouri Heavyweight Champion?
By
jts1972
10m
30 Questions
388 Plays
388 Plays
388 Plays
Comments
Comments
Give Quiz Kudos
Give Quiz Kudos
-
- Ratings
hide this ad
Replay
Link that replays current quiz
Next Quiz
Link to next quiz in quiz playlist
You Got
0%
They Got
Avg Score
70%
Avg Friend Score
Upgrade to see
Score Distribution
Jump to the score distribution portion of the page
Score
0/30
Timer
10:00
0
Plays Today
Date Won
Wrestler
% Correct
October 13, 1973
Harley Race
96.9%
September 16, 1972
Harley Race
96.9%
February 21, 1975
Harley Race
96.9%
September 17, 1982
Harley Race
96.9%
May 13, 1983
Harley Race
96.9%
January 6, 1984
Harley Race
96.9%
August 2, 1985
Harley Race
96.9%
July 15, 1983
Ric Flair
86.9%
February 10, 1973
Terry Funk
84%
May 24, 1974
Dory Funk
83%
October 2, 1981
Jack Brisco
79.6%
February 12, 1978
Ted DiBiase
68%
February 26, 1978
Dick Murdoch
68%
March 17, 1979
Dick Murdoch
68%
July 13, 1979
Dick Murdoch
68%
Date Won
Wrestler
% Correct
November 21, 1980
Ted DiBiase
68%
April 25, 1980
Ken Patera
60.3%
October 23, 1981
Ken Patera
60.3%
January 23, 1983
Kerry Von Erich
60.3%
November 23, 1979
Kevin Von Erich
57.7%
September 16, 1983
David Von Erich
57.7%
July 14, 1978
Dick the Bruiser
57%
May 18, 1979
Dick The Bruiser
57%
January 1, 1982
Dick The Bruiser
57%
January 19, 1973
Johnny Valentine
56.7%
April 23, 1976
Bob Backlund
55.2%
April 15, 1983
Crusher Blackwell
49.5%
November 16, 1984
Crusher Blackwell
49.5%
November 26, 1976
Dick Slater
49.2%
March 16, 1973
Gene Kiniski
45.9%
Quiz Playlist
Details
Report
Send in Message
Add To Playlist
Classic:
Type in answers that appear in a list
Quiz Source
Last Updated: Feb 16, 2017
Quiz Scoreboard
CHALLENGE
Sign Up to Join the Scoreboard
Show All
Scores
Hide
Comments
May contain spoilers
Recently Published
An Introduction to Baseball
by treessimontrees
Sports
5m
Movies - When Are They Set?
by FPL_Elf
Movies
5m
Popular People in 1961
by mucciniale
History
6m
More to Explore
Quiz From the Vault
Featured Blog Post
Where Did the Easter Bunny Come From?
hide this ad
You Might Also Like...
Tags
champion
date
Heavyweight
missouri
NWA
Won
Wrestlers
Today's Top Quizzes in Sports
Browse Sports
hide this ad
Today's Top Quizzes in Heavyweight
Browse Heavyweight
Top Contributed Quizzes in Sports
1
Les meilleurs buteurs des matchs entre le PSG et l’OM
2
2022 World Cup Stars
3
FIFA Club World Cup Champions
4
Les entraîneurs de l'OM et du PSG au 21e siècle
5
Name the Premier League winners with different clubs
6
La finale Lions - Afrique du Sud 2021
7
Criteria MLB: Left Handed Sluggers
8
Les joueurs passés par le LOSC et le RC Lens
9
Players with Multiple 50 Home Run Seasons
10
MLB Players with Two .350 Batting Average Seasons
Explore More
Trending Topics
Anime
Marvel
Crossword
Disney
Harry Potter
NBA
Kpop
Country
NFL
Pokémon
The Office
Song
Soccer
WWE
Puzzle
hide this ad
More By:
jts1972
Quiz
Plays
Rating
Category
Featured
Created
Mizzou Starting Quarterbacks
646
4.67
Sports
Jan 11, 2011
NWA Missouri Heavyweight Champion
388
4.33
Sports
Dec 22, 2010
NWA Central States Heavyweight Champions
181
5.00
Sports
Dec 22, 2010
St. Louis Blues Captains
112
Sports
Jan 9, 2011
Go to Creator's Profile
Score Distribution
Quiz Creator Spotlight
jts1972
Follow
Send a Message
Quizzes Created
-
Created Quiz Play Count
-
More By This Creator
Popular Quizzes Today
1
Find the Countries of Europe - No Outlines Minefield
2
Find the US States - No Outlines Minefield
3
The Countries of the World
4
Popular People in 1961
5
US States
6
1-10 Letter E Words III
7
Find the US States
8
Risky Map Clicking: Biggest States A-Z
More Sports Quizzes
MLB 2013 World Series: Boston vs. St. Louis
Published
Trending Quizzes
Risky Map Clicking: Least Populous States A-Z
1-10 Letter F Words
1-10 Letter G Words
One Thing in Common: United Kingdom
Risky Map Clicking: Next State Alphabetically
Recently Updated
Leaping Animals
pecheneg
Reality TV Shows (A-Z)
bhenderson79
Rickey Henderson's Hall of Fame Teammates
pecheneg
Champions League XIs: Arsenal
pecheneg
Quick Pick: Celebrities in WWE's Hall of Fame
aduchscher
A-Z Keypad Blitz II
pecheneg
Multiple Oscar Actors
pecheneg
Mystery Phrase Blitz: Oscar 'Best Actors'
pecheneg
F. Scott Fitzgerald Novels
LTH
Pick 3 Villains
ddd62291
Trending Topics
NBA
Anime
Disney
Kpop
Harry Potter
Crossword
Marvel
Song
Soccer
The Office
Country
Puzzle
NFL
Pokémon
WWE
Your Account Isn't Verified!
In order to create a playlist on Sporcle, you need to verify the email address you used during registration. Go to your
Sporcle Settings
to finish the process.
Report this User
Report this user for behavior that violates our
Community Guidelines
.
Details:
Send Report
Go to the Sporcle.com Mobile Site →
Comments